Služby v kúpeľnom a zdravotnom cestovnom ruchu v regióne Horná Nitra diplomová práca

Salvato in:
Dettagli Bibliografici
Autore principale: Paulíková, Lenka
Ente Autore: Obchodná fakulta EU. Katedra tovaroznalectva a kvality tovaru
Altri autori: Jurkovičová, Lujza
Natura: Libro
Lingua:slovacco
Pubblicazione: Bratislava 2010
Tags: Aggiungi Tag
Nessun Tag, puoi essere il primo ad aggiungerne!!

MARC

LEADER 00000nam$a2200000$$$4500
001 0118343
005 20240318123430.4
041 0 |a slo 
044 |a SK 
245 1 0 |a Služby v kúpeľnom a zdravotnom cestovnom ruchu v regióne Horná Nitra  |b diplomová práca  |c Lenka Paulíková ; škol. Lujza Jurkovičová 
264 1 |a Bratislava  |c 2010 
300 |a 72 s. 
100 1 |a Paulíková, Lenka 
700 1 |a Jurkovičová, Lujza 
710 2 |a Obchodná fakulta EU. Katedra tovaroznalectva a kvality tovaru